A history of South Sudan : (Record no. 130183)
[ view plain ]
| 000 -LEADER | |
|---|---|
| fixed length control field | 01819cam a2200349 i 4500 |
| 001 - CONTROL NUMBER | |
| control field | 18786447 |
| 003 - CONTROL NUMBER IDENTIFIER | |
| control field | ARRUPE |
| 005 - DATE AND TIME OF LATEST TRANSACTION | |
| control field | 20200123115456.0 |
| 008 - FIXED-LENGTH DATA ELEMENTS--GENERAL INFORMATION | |
| fixed length control field | 150917s2016 enkb b 001 0 eng |
| 010 ## - LIBRARY OF CONGRESS CONTROL NUMBER | |
| LC control number | 2015036420 |
| 020 ## - INTERNATIONAL STANDARD BOOK NUMBER | |
| International Standard Book Number | 9780521116312 (hbk) |
| 020 ## - INTERNATIONAL STANDARD BOOK NUMBER | |
| Cancelled/invalid ISBN | 9780521133258 (ebk) |
| 040 ## - CATALOGING SOURCE | |
| Original cataloging agency | DLC |
| Language of cataloging | eng |
| Transcribing agency | DLC |
| Description conventions | rda |
| Modifying agency | DLC |
| 042 ## - AUTHENTICATION CODE | |
| Authentication code | pcc |
| 043 ## - GEOGRAPHIC AREA CODE | |
| Geographic area code | f-sj--- |
| 050 00 - LIBRARY OF CONGRESS CALL NUMBER | |
| Classification number | DT159.94 |
| Item number | .R65 2016 |
| 300 ## - PHYSICAL DESCRIPTION | |
| Other physical details | map ; |
| Dimensions | 24 cm |
| 100 1# - MAIN ENTRY--PERSONAL NAME | |
| Personal name | Rolandsen, Øystein H., |
| Relator term | author. |
| 9 (RLIN) | 49048 |
| 245 12 - TITLE STATEMENT | |
| Title | A history of South Sudan : |
| Remainder of title | from slavery to independence / |
| Statement of responsibility, etc | Øystein H. Rolandsen, M. W. Daly. |
| 300 ## - PHYSICAL DESCRIPTION | |
| Extent | xvii, 171 pages : |
| 504 ## - BIBLIOGRAPHY, ETC. NOTE | |
| Bibliography, etc | Includes bibliographical references and index. |
| 505 0# - FORMATTED CONTENTS NOTE | |
| Formatted contents note | Introduction: the land and peoples of the upper Mile -- Ivory and slaves: the nineteenth century -- The second Turkiyya, 1898-1953 -- The curse of colonial continuity, 1953-63 -- The First Civil War, 1963-72 -- Regional government: from one civil war to another, 1972-83 -- Eclipsed by war, 1983-91 -- Factional politics, 1991-2001 -- Making unity impossible, 2002-2011 -- Independent South Sudan. |
| 651 #0 - SUBJECT ADDED ENTRY--GEOGRAPHIC NAME | |
| Geographic name | South Sudan |
| General subdivision | Politics and government. |
| 9 (RLIN) | 31158 |
| 651 #0 - SUBJECT ADDED ENTRY--GEOGRAPHIC NAME | |
| Geographic name | South Sudan |
| General subdivision | History. |
| 9 (RLIN) | 49049 |
| 651 #0 - SUBJECT ADDED ENTRY--GEOGRAPHIC NAME | |
| Geographic name | Sudan |
| General subdivision | Politics and government |
| Chronological subdivision | 1985- |
| 9 (RLIN) | 10155 |
| 700 1# - ADDED ENTRY--PERSONAL NAME | |
| Personal name | Daly, M. W., |
| Relator term | author. |
| 9 (RLIN) | 31131 |
| 856 42 - ELECTRONIC LOCATION AND ACCESS | |
| Materials specified | Contributor biographical information |
| Uniform Resource Identifier | <a href="http://www.loc.gov/catdir/enhancements/fy1606/2015036420-b.html">http://www.loc.gov/catdir/enhancements/fy1606/2015036420-b.html</a> |
| 856 42 - ELECTRONIC LOCATION AND ACCESS | |
| Materials specified | Publisher description |
| Uniform Resource Identifier | <a href="http://www.loc.gov/catdir/enhancements/fy1606/2015036420-d.html">http://www.loc.gov/catdir/enhancements/fy1606/2015036420-d.html</a> |
| 856 41 - ELECTRONIC LOCATION AND ACCESS | |
| Materials specified | Table of contents only |
| Uniform Resource Identifier | <a href="http://www.loc.gov/catdir/enhancements/fy1606/2015036420-t.html">http://www.loc.gov/catdir/enhancements/fy1606/2015036420-t.html</a> |
| 906 ## - LOCAL DATA ELEMENT F, LDF (RLIN) | |
| a | 7 |
| b | cbc |
| c | orignew |
| d | 1 |
| e | ecip |
| f | 20 |
| g | y-gencatlg |
| 942 ## - ADDED ENTRY ELEMENTS (KOHA) | |
| Source of classification or shelving scheme | Library of Congress Classification |
| Koha item type | Monograph ( Printed materials) |
| Withdrawn status | Lost status | Source of classification or shelving scheme | Damaged status | Not for loan | Home library | Current library | Date acquired | Total Checkouts | Full call number | Barcode | Date last seen | Date checked out | Price effective from | Koha item type |
|---|---|---|---|---|---|---|---|---|---|---|---|---|---|---|
| Library of Congress Classification | ARRUPE LIBRARY | ARRUPE LIBRARY | 23/01/2020 | 2 | DT159.94 .R65 2016 | 46600006240 | 11/05/2022 | 14/12/2021 | 23/01/2020 | Monograph ( Printed materials) |